000 00662nam a2200205Ia 4500
003 GCL
008 140319s9999 xx 000 0 ara d
040 _aGCL /
_cGCL
082 0 4 _a258.6
_bم ا
100 1 _aمحمد ابوزهرة
245 1 0 _aالامام الصادق: حياته وعصره اراؤه وفقهه /
_cمحمد ابوزهرة
260 _a[S.N] :
_bدار الفكر العربى ،
_c1993
300 _a448 ص
490 _a
650 0 4 _aالاسلام
650 0 4 _aالفقه الاسلامى
650 0 4 _aالمذاهب الاسلامية
650 0 4 _aالصادق, ابو عبد الله جعفر بن م
942 _2ddc
_cBK
999 _c31220
_d31220